Η υπόθεση του Άντολφ Άιχμαν και η ισραηλινή κοινωνία

Αποθηκεύτηκε σε:
Λεπτομέρειες βιβλιογραφικής εγγραφής
Κύριος συγγραφέας: Νικολακοπούλου, Έλενα-Αλεξία
Συγγραφή απο Οργανισμό/Αρχή: Πανεπιστήμιο Αιγαίου Σχολή Κοινωνικών Επιστημών Τμήμα Κοινωνιολογίας
Άλλοι συγγραφείς: Γκίκας, Βασίλης Δ. (Εισηγητής διατριβής)
Μορφή: Thesis Βιβλίο
Γλώσσα:Greek
Δημοσίευση: 2010
Θέματα:
Διαθέσιμο Online:http://hdl.handle.net/11610/7684
Ετικέτες: Προσθήκη ετικέτας
Δεν υπάρχουν, Καταχωρήστε ετικέτα πρώτοι!

MARC

LEADER 00000cam a2200000 i 4500
001 1/19558
008 120515s2010 gre d
035 |l 10112475 
040 |a GR-MY-UA  |b gre  |e aacr 
041 0 |a gre 
082 0 |a 940.5318  |2 (22) 
100 1 |a Νικολακοπούλου, Έλενα-Αλεξία. 
245 1 2 |a Η υπόθεση του Άντολφ Άιχμαν και η ισραηλινή κοινωνία /  |c Νικολακοπούλου Έλενα-Αλεξία ; επιβλέπων: Γκίκας Βασίλης 
260 |c 2010 
300 |a 86 σ.;  |b πιν., σχ.;  |c 30 εκ. 
500 |a Βιβλιογραφία: σ. 84-86 
502 |a Πτυχιακή εργασία – Πανεπιστήμιο Αιγαίου, Λέσβος, 2010. 
650 0 0 |a World War, 1939-1945  |x Atrocities. 
650 0 0 |a Holocaust, Jewish (1939-1945)  |x Political aspects. 
650 0 0 |a National socialism  |z Germany  |x History. 
650 0 0 |a Dissertations, Academic  |z Greece. 
700 1 |4 ths  |a Γκίκας, Βασίλης Δ. 
710 2 |a Πανεπιστήμιο Αιγαίου  |b Σχολή Κοινωνικών Επιστημών  |b Τμήμα Κοινωνιολογίας. 
852 |a INST  |b LESVOS  |c DIATR  |e 20120515  |h 409  |p 005100050370  |q 005100050370  |t DIE  |y 23 
852 |a INST  |b LESVOS  |c DIATR  |e 20120515  |h 410  |p 005100050369  |q 005100050369  |t DIE  |y 23 
856 |u http://hdl.handle.net/11610/7684 
901 |a BIBL1-2012-2 
909 |a Λ  |b 173660 
909 |a Λ  |b 173659 
924 |a ΝΙΚΟΛΑΚΟΠΟΥΛΟΥ  |b ΕΛΕΝΑ-ΑΛΕΞΙΑ  |y ΛΕΣΒΟΣ  |z 2010-09 
970 |a ΤΖΑΦΕΡΗ  |b ΕΥΑΓΓΕΛΙΑ  |z 2012/05/15